000 00751nam a2200205 a 4500
003 0
005 20250620133618.0
008 021114s19uu xx 00 eng d
050 _aPGS TX 361.C5
_b.B352 1999
100 _aBautista, Kristianne Marie E.
245 _aA survey on the eating habits of grade 6-B students /
_cKristianne Marie E. Bautista.
260 _aLas PiƱas City, Philippines :
_bSouthville International School and Colleges,
_c1999.
300 _a21 pages :
_bcolored illustrations ;
_c28 cm.
504 _aIncludes bibliographical references.
650 _aChildren
_vNutrition.
650 _aSchool children
_vNutrition.
650 _aEating habits.
650 _aElementary school students
_vAttitudes.
942 _2lcc
_cPASS
999 _c96157
_d96157